[Event "13th 4NCL Congress"]
[Site "Wakefield"]
[Date "2017.04.07"]
[Round "1"]
[Board "1"]
[White "Graham, Neil"]
[Black "Ansari, Athar"]
[Result "1/2-1/2"]
[WhiteElo "1804"]
[BlackElo "1955"]
[PlyCount "82"]
[EventDate "2017.04.07"]
[EventRounds "5"]
[EventCountry "ENG"]

1. d4 Nf6 2. f3 d5 3. e4 e6 4. Be3 b6 5. e5 Nfd7 6. Bd3 Ba6 7. Ne2 c5 8. c3 Be7
9. O-O Bxd3 10. Qxd3 Nc6 11. f4 Qc7 12. Nd2 cxd4 13. Nxd4 O-O-O 14. Qa6+ Kb8
15. Qe2 Nxd4 16. Bxd4 Bc5 17. Nb3 Bxd4+ 18. cxd4 Qc4 19. Qe3 Rc8 20. f5 Qb5 21.
fxe6 fxe6 22. Qg5 a5 23. h3 a4 24. Nd2 Qxb2 25. Nf3 Rc2 26. Qxg7 Rd8 27. Rab1
Qxa2 28. Ra1 Qc4 29. Qe7 Kc8 30. Qxe6 Rf8 31. Qg4 b5 32. Qg3 Qc6 33. Qg5 Qc4
34. Rac1 Kb8 35. Rxc2 Qxc2 36. Qg7 Qf5 37. Nh2 Qd3 38. Rxf8+ Nxf8 39. Qxf8+ Kb7
40. Qf7+ Ka6 41. Qxd5 a3 1/2-1/2

[Event "13th 4NCL Congress"]
[Site "Wakefield"]
[Date "2017.04.07"]
[Round "1"]
[Board "2"]
[White "Ai, Farshad"]
[Black "Procter, Colin S"]
[Result "1/2-1/2"]
[WhiteElo "1952"]
[BlackElo "1804"]
[PlyCount "72"]
[EventDate "2017.04.07"]
[EventRounds "5"]
[EventCountry "ENG"]

1. c4 e6 2. g3 d5 3. Bg2 Nf6 4. Nf3 g6 5. b3 Bg7 6. Bb2 O-O 7. O-O c6 8. d3
Nbd7 9. Nbd2 e5 10. Nxe5 Nxe5 11. Bxe5 Re8 12. Bb2 Be6 13. Re1 Qb6 14. Qc2 d4
15. c5 Qd8 16. Nc4 Nd5 17. a3 Bg4 18. h3 Bf5 19. Nd6 Qg5 20. Nxe8 Rxe8 21. Kh2
h5 22. e4 dxe3 23. Bxd5 cxd5 24. Bxg7 Kxg7 25. Rxe3 Rxe3 26. fxe3 Qxe3 27. Rd1
d4 28. Qd2 Qe5 29. b4 h4 30. Rg1 hxg3+ 31. Rxg3 Qd5 32. Qg2 Qc6 33. Qf2 Qd5 34.
Rg1 Qe5+ 35. Rg3 Qd5 36. Rg1 Qe5+ 1/2-1/2

[Event "13th 4NCL Congress"]
[Site "Wakefield"]
[Date "2017.04.07"]
[Round "1"]
[Board "3"]
[White "Han, Yichen"]
[Black "Whitehead, Mark A"]
[Result "0-1"]
[WhiteElo "1773"]
[BlackElo "1942"]
[PlyCount "78"]
[EventDate "2017.04.07"]
[EventRounds "5"]
[EventCountry "ENG"]

1. e4 c5 2. Nf3 e6 3. d4 cxd4 4. Nxd4 a6 5. Be3 Nf6 6. f3 Be7 7. Nc3 b5 8. e5
Ng8 9. Ne4 f5 10. Nc3 Bb7 11. Qd2 Qc7 12. f4 Nh6 13. O-O-O O-O 14. h3 Nc6 15.
Nxc6 Bxc6 16. Ne2 Bd5 17. Kb1 b4 18. Nd4 Rfc8 19. Rg1 Bc5 20. g4 fxg4 21. hxg4
Bf3 22. Be2 Bd5 23. Bd3 Qb6 24. Be2 Be4 25. Rc1 Ra7 26. Bd1 Rac7 27. Re1 a5 28.
Nb3 Bxe3 29. Rxe3 Bg6 30. Qd4 Qxd4 31. Nxd4 Rc4 32. Nb5 Rxf4 33. Nd6 Rc6 34.
Bf3 Rc7 35. g5 Ng4 36. Bxg4 Rxg4 37. Rf3 Rxc2 38. Rcf1 Rc3+ 39. Nf5 Rxf3 0-1

[Event "13th 4NCL Congress"]
[Site "Wakefield"]
[Date "2017.04.07"]
[Round "1"]
[Board "4"]
[White "Ter-Gevorkian, Aram"]
[Black "Almazedi, Firas"]
[Result "1-0"]
[WhiteElo "1932"]
[BlackElo "1770"]
[PlyCount "63"]
[EventDate "2017.04.07"]
[EventRounds "5"]
[EventCountry "ENG"]

1. e4 c5 2. Nf3 e6 3. Qe2 Nc6 4. c3 e5 5. g3 d6 6. Bg2 g6 7. Na3 Bg7 8. Nc2
Nge7 9. d3 O-O 10. O-O h6 11. b4 cxb4 12. cxb4 a5 13. b5 Nb8 14. d4 Bg4 15. Bb2
Nd7 16. h3 Bxf3 17. Bxf3 Rc8 18. Rfd1 Qc7 19. Ne3 exd4 20. Bxd4 Bxd4 21. Rxd4
Ne5 22. Rad1 Nxf3+ 23. Qxf3 d5 24. exd5 Qc3 25. Qf6 Rce8 26. d6 Nf5 27. Nxf5
gxf5 28. Rg4+ fxg4 29. Qxc3 gxh3 30. d7 Rd8 31. Qf6 Kh7 32. Rd6 1-0

[Event "13th 4NCL Congress"]
[Site "Wakefield"]
[Date "2017.04.07"]
[Round "1"]
[Board "5"]
[White "Clarke, Paul Rh"]
[Black "Dennison, Warren B"]
[Result "0-1"]
[WhiteElo "1763"]
[BlackElo "1923"]
[PlyCount "100"]
[EventDate "2017.04.07"]
[EventRounds "5"]
[EventCountry "ENG"]

1. d4 d5 2. Bf4 c5 3. e3 e6 4. c3 Nf6 5. Nd2 Bd6 6. Bg3 O-O 7. Bd3 b6 8. Ngf3
Ba6 9. Bxa6 Nxa6 10. Qe2 Nc7 11. Ne5 Bxe5 12. Bxe5 Nd7 13. Bxc7 Qxc7 14. O-O f5
15. f4 Rf6 16. Rf3 Rh6 17. Rg3 Nf6 18. Rf3 c4 19. Rf2 Ng4 20. Rff1 Nxh2 21. Nf3
Ng4 22. Ne5 Nxe5 23. dxe5 Qe7 24. Rf3 Qf7 25. Qc2 b5 26. a4 bxa4 27. Qxa4 Qb7
28. Ra2 Rg6 29. Qa6 Qb3 30. Qa4 Qxa4 31. Rxa4 Rb8 32. Rf2 Rb7 33. Ra6 Kf7 34.
Rd2 Rg4 35. Kf2 g5 36. g3 h5 37. Ra2 h4 38. gxh4 gxf4 39. Rd1 fxe3+ 40. Kxe3
Rxh4 41. Rda1 Re4+ 42. Kd2 Rxe5 43. Rxa7 Rxa7 44. Rxa7+ Kf6 45. Ra8 Re4 46.
Rf8+ Ke5 47. Rh8 Rg4 48. Rh5 Rg2+ 49. Kc1 Ke4 50. Rh4+ f4 0-1

[Event "13th 4NCL Congress"]
[Site "Wakefield"]
[Date "2017.04.07"]
[Round "1"]
[Board "6"]
[White "Pink, Joshua"]
[Black "Buttell, David"]
[Result "1-0"]
[WhiteElo "1915"]
[BlackElo "1755"]
[PlyCount "73"]
[EventDate "2017.04.07"]
[EventRounds "5"]
[EventCountry "ENG"]

1. d4 d5 2. c4 e6 3. Nc3 Nf6 4. Nf3 c6 5. Bg5 Be7 6. e3 Nbd7 7. cxd5 exd5 8.
Bd3 O-O 9. O-O Re8 10. Qc2 Nf8 11. Ne5 g6 12. f4 Ne6 13. Bh4 Ng7 14. h3 Bf5 15.
g4 Bxd3 16. Qxd3 Nd7 17. Bg3 Nxe5 18. fxe5 Rf8 19. Rf2 Bh4 20. e4 dxe4 21. Nxe4
Be7 22. Qe3 f5 23. Nd6 Bxd6 24. exd6 Qd7 25. Re1 Rfe8 26. Qb3+ Kf8 27. Be5 Qf7
28. Qb4 Kg8 29. Bxg7 Rxe1+ 30. Qxe1 Qxg7 31. gxf5 Qxd4 32. Qe6+ Kh8 33. f6 Rd8
34. Qe7 Qd1+ 35. Kh2 Qxd6+ 36. Qxd6 Rxd6 37. f7 1-0

[Event "13th 4NCL Congress"]
[Site "Wakefield"]
[Date "2017.04.07"]
[Round "1"]
[Board "7"]
[White "Holi, Siefaldin A"]
[Black "Potter, Steven"]
[Result "1-0"]
[WhiteElo "1740"]
[BlackElo "1911"]
[PlyCount "121"]
[EventDate "2017.04.07"]
[EventRounds "5"]
[EventCountry "ENG"]

1. d3 e6 2. a3 b6 3. Nc3 Bb7 4. Nh3 Be7 5. Bf4 d6 6. e4 e5 7. Be3 Nd7 8. Qg4
Ngf6 9. Qe2 a5 10. f4 exf4 11. Nxf4 Ne5 12. h3 d5 13. exd5 Nxd5 14. Nfxd5 Bxd5
15. Bxb6 cxb6 16. Qxe5 Be6 17. O-O-O Bg5+ 18. Kb1 Bf6 19. Qb5+ Bd7 20. Re1+ Kf8
21. Qd5 Bxc3 22. Qd6+ Kg8 23. bxc3 b5 24. Re7 Bf5 25. Qxd8+ Rxd8 26. Ra7 h5 27.
Rxa5 Bd7 28. d4 Rb8 29. Bd3 Bc6 30. Rg1 Rh6 31. g4 hxg4 32. hxg4 Rh2 33. Ra6
Bf3 34. Kb2 Bd5 35. g5 g6 36. Re1 Bc4 37. Be4 b4 38. Ra8 bxa3+ 39. Kxa3 Rxa8+
40. Bxa8 Rxc2 41. Kb4 Bd3 42. d5 Rb2+ 43. Kc5 Rb5+ 44. Kd4 Bf5 45. Re8+ Kg7 46.
Bc6 Rb1 47. d6 Rg1 48. Re5 Be6 49. Kc5 Kf8 50. Kb6 Ra1 51. Kc7 Ra7+ 52. Kb6 Ra3
53. c4 Rb3+ 54. Kc7 Rc3 55. c5 Kg7 56. Rxe6 fxe6 57. d7 Rd3 58. d8=Q Rxd8 59.
Kxd8 Kf7 60. Be4 e5 61. c6 1-0

[Event "13th 4NCL Congress"]
[Site "Wakefield"]
[Date "2017.04.07"]
[Round "1"]
[Board "8"]
[White "Riding, Mick D"]
[Black "Balaji, Aaravamudhan"]
[Result "0-1"]
[WhiteElo "1895"]
[BlackElo "1727"]
[PlyCount "112"]
[EventDate "2017.04.07"]
[EventRounds "5"]
[EventCountry "ENG"]

1. b3 Nf6 2. Bb2 g6 3. Bxf6 exf6 4. c4 Bg7 5. Nc3 d6 6. g3 Nc6 7. Bg2 O-O 8. e3
Bd7 9. Nge2 Re8 10. h4 h5 11. Nf4 Bg4 12. f3 Bd7 13. Kf2 a6 14. d4 f5 15. Qd2
Ne7 16. Bf1 c5 17. d5 b5 18. Rd1 b4 19. Nb1 a5 20. Be2 a4 21. Rdg1 axb3 22.
axb3 Qa5 23. Nd3 Bh6 24. f4 Kh7 25. Qd1 Ng8 26. Nd2 Nf6 27. Qa1 Qd8 28. Qb2 Qe7
29. Nf1 Ne4+ 30. Kg2 Nc3 31. Nc1 Ra3 32. Kh3 Rea8 33. Qd2 Ne4 34. Qe1 Bg7 35.
Rh2 Ra1 36. Bd3 Nf6 37. Rc2 Ng4 38. Rgg2 R8a3 39. Ra2 Bc3 40. Qd1 Nxe3 41. Nxe3
Qxe3 42. Rxa1 Rxa1 43. Qe2 Qxc1 44. Qe7 Bc8 45. Qxf7+ Bg7 46. Qe8 Qc3 47. Qe2
Rh1+ 48. Rh2 Re1 49. Qd2 Qxd2 50. Rxd2 Re3 51. Bc2 Bd4 52. Kg2 Ba6 53. Bd1 Bc3
54. Re2 Re4 55. Kf2 Kg7 56. Bc2 Rd4 0-1

[Event "13th 4NCL Congress"]
[Site "Wakefield"]
[Date "2017.04.07"]
[Round "1"]
[Board "9"]
[White "Evans, Peter Michael"]
[Black "David, Ivan"]
[Result "1/2-1/2"]
[WhiteElo "1712"]
[BlackElo "1883"]
[PlyCount "102"]
[EventDate "2017.04.07"]
[EventRounds "5"]
[EventCountry "ENG"]

1. d4 d6 2. c4 e5 3. e3 c6 4. Nc3 Be7 5. Bd3 Nf6 6. Nge2 Nbd7 7. O-O Qc7 8. b4
O-O 9. Bb2 Re8 10. Rc1 Bf8 11. Ng3 b6 12. Nge4 Nxe4 13. Nxe4 f5 14. Ng5 e4 15.
Be2 Qd8 16. Nh3 d5 17. f3 Nf6 18. fxe4 fxe4 19. Nf4 Kh8 20. cxd5 cxd5 21. Qb3
Bb7 22. Bb5 Re7 23. Bc6 Bxc6 24. Rxc6 b5 25. Rfc1 Rd7 26. a3 Bd6 27. Ne2 Rc7
28. Rxc7 Bxc7 29. Bc3 Rc8 30. Be1 Bd6 31. Rc3 Rc4 32. Bh4 Qc7 33. g3 Nd7 34.
Bg5 h6 35. Bf4 g5 36. Bxd6 Qxd6 37. Rxc4 bxc4 38. Qa4 a6 39. Nc3 Kg7 40. b5
axb5 41. Qxb5 Nf6 42. a4 Qa3 43. Nxd5 Qc1+ 44. Kg2 Qd2+ 45. Kg1 Qe1+ 46. Kg2
Qe2+ 47. Kg1 Nxd5 48. Qd7+ Kg6 49. Qe8+ Kg7 50. Qd7+ Kg6 51. Qe8+ Kg7 1/2-1/2

[Event "13th 4NCL Congress"]
[Site "Wakefield"]
[Date "2017.04.07"]
[Round "1"]
[Board "10"]
[White "Angheluta, Ovidiu"]
[Black "Walshaw, David"]
[Result "1-0"]
[WhiteElo "1873"]
[BlackElo "1689"]
[PlyCount "67"]
[EventDate "2017.04.07"]
[EventRounds "5"]
[EventCountry "ENG"]

1. e4 g6 2. c4 Bg7 3. Nc3 c5 4. g3 Nc6 5. Bg2 Rb8 6. a3 a6 7. Rb1 b5 8. cxb5
axb5 9. b4 cxb4 10. axb4 Nf6 11. Nge2 e5 12. O-O O-O 13. d3 d6 14. h3 Bd7 15.
Be3 Ne7 16. f4 Ne8 17. g4 f5 18. Qb3+ Kh8 19. exf5 gxf5 20. Ba7 Rc8 21. fxe5
dxe5 22. Bb7 Qc7 23. Bc5 Qxb7 24. Bxe7 Qb6+ 25. Bc5 Rxc5 26. bxc5 Qxc5+ 27. Kh2
e4 28. d4 Qd6+ 29. Kg2 Bxd4 30. Rbd1 b4 31. Nxe4 Bc6 32. Rxd4 Qe5 33. Qc3 Bxe4+
34. Rxe4 1-0

[Event "13th 4NCL Congress"]
[Site "Wakefield"]
[Date "2017.04.07"]
[Round "1"]
[Board "11"]
[White "Grobler, David J"]
[Black "Goodfellow, Russell R"]
[Result "0-1"]
[WhiteElo "1686"]
[BlackElo "1864"]
[PlyCount "108"]
[EventDate "2017.04.07"]
[EventRounds "5"]
[EventCountry "ENG"]

1. e4 c5 2. Nf3 e6 3. d4 cxd4 4. Nxd4 Nf6 5. Nc3 d6 6. Be2 a6 7. O-O Qc7 8. Be3
b5 9. Bf3 Bb7 10. e5 dxe5 11. Bxb7 Qxb7 12. Nb3 Nbd7 13. Re1 Rc8 14. a3 Be7 15.
Qe2 O-O 16. Rad1 Qc6 17. Bd2 Nd5 18. Qf3 f5 19. Na5 Qa8 20. Qg3 Bf6 21. Nxd5
exd5 22. Bb4 Rfe8 23. Qd3 g6 24. Qxd5+ Qxd5 25. Rxd5 Nb8 26. c3 Red8 27. Red1
Rxd5 28. Rxd5 Rd8 29. Rxd8+ Bxd8 30. Nb7 Bb6 31. Bc5 Bxc5 32. Nxc5 Kf7 33. Kf1
Ke7 34. Ke2 Kd6 35. Nd3 Nc6 36. b4 Kd5 37. Nb2 e4 38. f3 Ne5 39. fxe4+ fxe4 40.
Nd1 Nc4 41. h4 Nxa3 42. Ne3+ Ke5 43. Kd2 Nc4+ 44. Nxc4+ bxc4 45. Ke3 h5 46. g3
Kf5 47. Kd4 Kg4 48. Kxe4 Kxg3 49. Kd4 Kxh4 50. Kxc4 g5 51. Kd3 Kg4 52. c4 Kf5
53. b5 axb5 54. cxb5 Ke6 0-1

[Event "13th 4NCL Congress"]
[Site "Wakefield"]
[Date "2017.04.07"]
[Round "1"]
[Board "12"]
[White "Muflehi, Khaled"]
[Black "Czestochowski, Eddie"]
[Result "1-0"]
[WhiteElo "1855"]
[BlackElo "1675"]
[PlyCount "99"]
[EventDate "2017.04.07"]
[EventRounds "5"]
[EventCountry "ENG"]

1. d4 Nf6 2. c4 g6 3. Nc3 Bg7 4. e4 d6 5. f3 O-O 6. Be3 e5 7. d5 a5 8. Bd3 Na6
9. Nge2 Nd7 10. Na4 Ndc5 11. Nec3 f5 12. exf5 Nxd3+ 13. Qxd3 Nb4 14. Qd2 Bxf5
15. O-O Nc2 16. Bg5 Bf6 17. Bxf6 Rxf6 18. g4 Nxa1 19. gxf5 gxf5 20. Rxa1 Rg6+
21. Kh1 Qh4 22. b3 Kf7 23. Rg1 Rag8 24. Rxg6 Rxg6 25. Nb2 Qh3 26. Qf2 Qh6 27.
Nd3 Qg7 28. Ne2 h5 29. h4 Ke7 30. Kh2 b6 31. Ng3 Qf7 32. Ne2 Qg7 33. Ng3 Qf7
34. Nc1 Ke8 35. Nce2 f4 36. Ne4 Qd7 37. N2c3 Qe7 38. Ng5 Qf6 39. Nce4 Qf5 40.
a3 Kd7 41. b4 Rg8 42. bxa5 bxa5 43. Qa7 Rc8 44. Qxa5 Rb8 45. Qa7 Rb2+ 46. Kg1
Rb1+ 47. Kf2 Rb2+ 48. Ke1 Rb1+ 49. Kd2 Rh1 50. Ne6 1-0

[Event "13th 4NCL Congress"]
[Site "Wakefield"]
[Date "2017.04.07"]
[Round "1"]
[Board "13"]
[White "Stone, Ian C"]
[Black "Gibbs, Dominic V"]
[Result "1/2-1/2"]
[WhiteElo "1668"]
[BlackElo "1849"]
[PlyCount "83"]
[EventDate "2017.04.07"]
[EventRounds "5"]
[EventCountry "ENG"]

1. c4 f5 2. Nc3 Nf6 3. g3 g6 4. Bg2 Bg7 5. d3 d6 6. e4 fxe4 7. dxe4 c5 8. Nge2
Nc6 9. Rb1 O-O 10. O-O e5 11. a3 Be6 12. Nd5 Qd7 13. b4 Nd4 14. bxc5 dxc5 15.
f3 Ne8 16. Qd3 Rc8 17. Bg5 Rf7 18. Nec3 Nd6 19. Nb5 N6xb5 20. cxb5 h6 21. Be3
Kh7 22. Bxd4 cxd4 23. b6 Bxd5 24. exd5 axb6 25. Rxb6 Qf5 26. Qxf5 gxf5 27. g4
Rd8 28. gxf5 Rxd5 29. f4 Rdd7 30. Be4 Kh8 31. fxe5 Bxe5 32. Rxh6+ Kg7 33. Re6
Bf6 34. Rf3 Kf8 35. Rg3 Rc7 36. Rg6 Bh4 37. Bd3 Rc3 38. Be4 Rxa3 39. Rg4 Bf6
40. Rg6 Bh4 41. Rg4 Bf6 42. Rg6 1/2-1/2

[Event "13th 4NCL Congress"]
[Site "Wakefield"]
[Date "2017.04.07"]
[Round "1"]
[Board "14"]
[White "Cawston, M John"]
[Black "Ross, Stuart"]
[Result "1-0"]
[WhiteElo "1836"]
[BlackElo "1639"]
[PlyCount "165"]
[EventDate "2017.04.07"]
[EventRounds "5"]
[EventCountry "ENG"]

1. e4 c5 2. Nf3 d6 3. d4 cxd4 4. Nxd4 Nf6 5. Nc3 a6 6. Bc4 e6 7. Bb3 b5 8. Qe2
Bb7 9. f3 Be7 10. Be3 O-O 11. O-O-O Nc6 12. Nxc6 Bxc6 13. g4 b4 14. Na4 Bb5 15.
Qf2 Nd7 16. Kb1 Qc7 17. Nb6 Nxb6 18. Bxb6 Qc6 19. Ba5 Rfc8 20. Rhe1 Qc5 21.
Qxc5 dxc5 22. c4 bxc3 23. Bxc3 Bh4 24. Rg1 Rd8 25. Rxd8+ Rxd8 26. Bc2 Bf2 27.
Rd1 Bd4 28. Ba5 Rd7 29. Bd3 e5 30. b3 Rd6 31. Bc7 Rd7 32. Bxb5 Rxc7 33. Bxa6
Rc6 34. Bf1 Rf6 35. Rd3 g5 36. Kc2 h5 37. h3 h4 38. Be2 Rb6 39. Rd2 Kf8 40. Kd3
Ke7 41. Kc4 Kd6 42. a3 Kc7 43. Ra2 Ra6 44. Kd5 Rd6+ 45. Kc4 Ra6 46. Bd3 Rf6 47.
Be2 Ra6 48. Bd1 Rb6 49. Bc2 Rf6 50. Bd1 Rb6 51. Kd3 Ra6 52. Be2 Rb6 53. Kc2 Kd6
54. a4 Rb7 55. a5 Ra7 56. a6 Kc7 57. Bc4 f6 58. Bd5 Kb6 59. Bb7 Kb5 60. Ra4 Kb6
61. Kd3 Kb5 62. Kd2 Bg1 63. Kc3 Bd4+ 64. Kc2 Bg1 65. Kb2 Be3 66. Rc4 Bd4+ 67.
Ka3 Be3 68. Rc2 Bd4 69. Rd2 c4 70. bxc4+ Kxc4 71. Rc2+ Bc3 72. Ka4 Kd3 73. Kb3
Ba5 74. Rc6 Ke3 75. Rxf6 Kf2 76. Rf5 Bd2 77. Rxe5 Kg3 78. Kc2 Bf4 79. Rb5 Kxh3
80. e5 Kg3 81. e6 h3 82. e7 h2 83. Rb1 1-0

[Event "13th 4NCL Congress"]
[Site "Wakefield"]
[Date "2017.04.07"]
[Round "1"]
[Board "16"]
[White "Jones, Neil T"]
[Black "France, John M"]
[Result "1/2-1/2"]
[WhiteElo "1830"]
[BlackElo "1598"]
[PlyCount "138"]
[EventDate "2017.04.07"]
[EventRounds "5"]
[EventCountry "ENG"]

1. e4 d5 2. exd5 Nf6 3. Nf3 Qxd5 4. Nc3 Qd6 5. d4 a6 6. g3 b5 7. Bf4 Qb6 8. Bg2
Bb7 9. O-O e6 10. a4 Bb4 11. axb5 axb5 12. Qd3 Rxa1 13. Rxa1 Bxc3 14. bxc3 Be4
15. Qe2 O-O 16. Rb1 Qc6 17. Ne5 Qa8 18. f3 Qa2 19. Rc1 Bb7 20. Qxb5 Ba6 21. Qb3
Qa5 22. Nc4 Qd5 23. Ne3 Qd7 24. g4 Nc6 25. Qa3 Bb7 26. Qc5 Ne7 27. Qxc7 Qxc7
28. Bxc7 Ned5 29. Nxd5 Nxd5 30. Bd6 Nxc3 31. Bxf8 Ne2+ 32. Kf2 Nxc1 33. Ba3 Na2
34. Bf1 Nc3 35. Bb4 Nd5 36. Ba5 f6 37. c4 Ne7 38. Bd3 Kf7 39. Ke3 g6 40. Bc7
Bc6 41. Be4 Ba4 42. Bd6 Nc6 43. Bc5 f5 44. gxf5 gxf5 45. Bd3 Bb3 46. Kd2 Kf6
47. Kc3 Bd1 48. f4 Bf3 49. Bc2 Be2 50. Bd6 Bf3 51. Ba4 Be4 52. Bb3 Bf3 53. d5
exd5 54. cxd5 Na5 55. Ba2 Kf7 56. Kd4 Nb7 57. Bc7 Ke7 58. Ke5 Be4 59. d6+ Ke8
60. Be6 Nc5 61. Bg8 h6 62. Bh7 Nd7+ 63. Kd4 Nf6 64. Bg6+ Kf8 65. h3 Kg7 66. d7
Nxd7 67. Be8 Nf6 68. Be5 Kf8 69. Bb5 Kf7 1/2-1/2

[Event "13th 4NCL Congress"]
[Site "Wakefield"]
[Date "2017.04.07"]
[Round "1"]
[Board "17"]
[White "Pramod Paleri, Adithya"]
[Black "Desmedt, Richard E"]
[Result "0-1"]
[WhiteElo "1579"]
[BlackElo "1827"]
[PlyCount "132"]
[EventDate "2017.04.07"]
[EventRounds "5"]
[EventCountry "ENG"]

1. d4 d5 2. c4 e6 3. Nf3 f5 4. g3 c6 5. Bg2 Bd6 6. O-O Nf6 7. Nc3 O-O 8. Qb3
Nbd7 9. cxd5 exd5 10. Ng5 Qe7 11. Re1 Kh8 12. f3 h6 13. Nh3 Nb6 14. Nf4 Bxf4
15. Bxf4 Nh5 16. Bc1 Be6 17. Qc2 Nf6 18. e4 fxe4 19. fxe4 dxe4 20. Bxe4 Nxe4
21. Qxe4 Rae8 22. Bf4 Qd7 23. Be5 Nc4 24. Qg6 Nxe5 25. dxe5 Qd4+ 26. Kh1 Bd5+
27. Nxd5 Qxd5+ 28. Qe4 Rxe5 29. Qxd5 Rxe1+ 30. Rxe1 cxd5 31. Kg2 Rf7 32. Re8+
Kh7 33. Rd8 Rc7 34. Rxd5 Rc2+ 35. Kf3 Rxb2 36. Ra5 a6 37. h4 Kg6 38. Ke4 Kf6
39. Kd5 g5 40. h5 g4 41. Ke4 Rf2 42. Ra3 Rf3 43. Rxf3+ gxf3 44. Kxf3 Kg5 45.
Ke4 Kxh5 46. Kd5 Kg4 47. Kc5 Kxg3 48. Kb6 h5 49. Kxb7 h4 50. Kxa6 h3 51. Kb6 h2
52. a4 h1=Q 53. a5 Qa8 54. a6 Kf4 55. a7 Ke5 56. Ka6 Kd6 57. Kb5 Qxa7 58. Kc4
Qc5+ 59. Kd3 Qb4 60. Ke3 Ke5 61. Kf2 Qa3 62. Ke2 Ke4 63. Kd2 Qd3+ 64. Ke1 Qc2
65. Kf1 Kf3 66. Kg1 Qg2# 0-1

[Event "13th 4NCL Congress"]
[Site "Wakefield"]
[Date "2017.04.07"]
[Round "1"]
[Board "19"]
[White "Brown, Geoffrey D"]
[Black "May, Paul"]
[Result "1/2-1/2"]
[WhiteElo "1545"]
[BlackElo "1810"]
[PlyCount "124"]
[EventDate "2017.04.07"]
[EventRounds "5"]
[EventCountry "ENG"]

1. e4 c5 2. Nf3 a6 3. c3 e6 4. d4 d5 5. exd5 exd5 6. Be2 Nf6 7. O-O Bd6 8. Be3
c4 9. b3 b5 10. a4 Bb7 11. Nbd2 Qc7 12. axb5 axb5 13. Rxa8 Bxa8 14. bxc4 bxc4
15. Qc2 Ng4 16. h3 h5 17. Bd1 Bc6 18. Re1 Kd8 19. Nf1 Nxe3 20. Rxe3 Bf4 21. Re1
f6 22. Nh4 Re8 23. Rxe8+ Bxe8 24. Ng6 Nc6 25. Bxh5 Bd6 26. Ne3 Ne7 27. Nxe7
Qxe7 28. Bxe8 Qxe8 29. Qa2 Qb5 30. Qa8+ Kd7 31. Qxd5 Qb1+ 32. Nf1 Qd3 33. Qb7+
Bc7 34. Qb2 Ke6 35. Qa1 Bf4 36. Qe1+ Kf7 37. g3 Bc7 38. Ne3 Qe4 39. Qa1 Bxg3
40. Nxc4 Bb8 41. Qa7+ Bxa7 42. Nd6+ Ke6 43. Nxe4 Kd5 44. Nd2 Bb6 45. f3 Ba5 46.
Nb1 Kc4 47. Kf2 Kd3 48. Kg3 Kc2 49. Na3+ Kxc3 50. Nb5+ Kc4 51. Na7 Bb6 52. Nc6
Kd5 53. Ne7+ Ke6 54. Nc6 Kd6 55. Nb4 Bxd4 56. Nd3 Ke6 57. Kf4 Ba7 58. h4 g6 59.
Kg4 Kf7 60. Kf4 Bb8+ 61. Kg4 Bc7 62. h5 gxh5+ 1/2-1/2

[Event "13th 4NCL Congress"]
[Site "Wakefield"]
[Date "2017.04.08"]
[Round "2"]
[Board "1"]
[White "Whitehead, Mark A"]
[Black "Muflehi, Khaled"]
[Result "1/2-1/2"]
[WhiteElo "1942"]
[BlackElo "1855"]
[PlyCount "74"]
[EventDate "2017.04.07"]
[EventRounds "5"]
[EventCountry "ENG"]

1. e4 c5 2. Nc3 d6 3. g3 g6 4. Bg2 Bg7 5. d3 Nc6 6. Nge2 Nf6 7. O-O O-O 8. h3
a6 9. Be3 e5 10. g4 h6 11. Qd2 g5 12. Ng3 Nd4 13. Nf5 Ne6 14. Ne2 Nf4 15. Neg3
Kh7 16. c3 b6 17. d4 Qc7 18. Rac1 Bb7 19. f3 Rad8 20. Nxg7 Kxg7 21. Bxf4 gxf4
22. Nf5+ Kh7 23. Qf2 Rg8 24. Rfd1 Bc8 25. Qh4 Rg6 26. Bf1 d5 27. dxe5 Qxe5 28.
Rc2 Bxf5 29. exf5 Qxf5 30. Bd3 Qg5 31. Qxg5 hxg5 32. Re2 Kg7 33. Bxg6 Kxg6 34.
Red2 Re8 35. Kf2 Rh8 36. Kg2 Re8 37. Kf2 Rh8 1/2-1/2

[Event "13th 4NCL Congress"]
[Site "Wakefield"]
[Date "2017.04.08"]
[Round "2"]
[Board "3"]
[White "Dennison, Warren B"]
[Black "Cawston, M John"]
[Result "0-1"]
[WhiteElo "1923"]
[BlackElo "1836"]
[PlyCount "66"]
[EventDate "2017.04.07"]
[EventRounds "5"]
[EventCountry "ENG"]

1. e4 c5 2. c3 d5 3. exd5 Qxd5 4. d4 Nc6 5. Nf3 Bg4 6. Be2 cxd4 7. cxd4 e6 8.
Nc3 Qa5 9. O-O Nf6 10. h3 Bh5 11. a3 Bd6 12. Bd2 Qd8 13. Qb3 Rb8 14. Nb5 Be7
15. Bf4 Rc8 16. g4 Bg6 17. Rfd1 O-O 18. Ne5 Na5 19. Qf3 Be4 20. Qg3 Bc2 21. Nc3
Nb3 22. Be3 Nxa1 23. Rxa1 Ne4 24. Nxe4 Bxe4 25. Qf4 Bc2 26. Rc1 Bb3 27. Bd3
Rxc1+ 28. Bxc1 Bd5 29. g5 Bxg5 30. Qxg5 Qxg5+ 31. Bxg5 f6 32. Bf4 fxe5 33. Bxe5
Rf3 0-1

[Event "13th 4NCL Congress"]
[Site "Wakefield"]
[Date "2017.04.08"]
[Round "2"]
[Board "4"]
[White "Desmedt, Richard E"]
[Black "Pink, Joshua"]
[Result "1/2-1/2"]
[WhiteElo "1827"]
[BlackElo "1915"]
[PlyCount "96"]
[EventDate "2017.04.07"]
[EventRounds "5"]
[EventCountry "ENG"]

1. e4 c6 2. d4 d5 3. exd5 cxd5 4. f4 Nf6 5. Nf3 Bg4 6. c3 e6 7. Bd3 Nc6 8. O-O
Bd6 9. Qe1 Bxf3 10. Rxf3 Qc7 11. a4 O-O 12. Na3 a6 13. Qh4 Ne4 14. Rh3 h6 15.
Bxe4 dxe4 16. f5 Qe7 17. Qg4 exf5 18. Qxf5 Qe6 19. Qxe6 fxe6 20. Nc4 Bc7 21.
Be3 Rad8 22. Rh4 e5 23. Rxe4 exd4 24. Bxd4 Nxd4 25. cxd4 Rf4 26. Rxf4 Bxf4 27.
Rd1 b5 28. g3 Bg5 29. axb5 axb5 30. Na3 Rxd4 31. Rxd4 Be3+ 32. Kg2 Bxd4 33. b3
b4 34. Nc2 Bc5 35. Kf3 Kf7 36. Ke4 Kf6 37. h3 Bd6 38. g4 Kg5 39. Nd4 g6 40.
Nf3+ Kf6 41. Kd5 Be7 42. h4 h5 43. gxh5 gxh5 44. Ke4 Bd6 45. Ne1 Bg3 46. Nd3
Bxh4 47. Nxb4 Kg5 48. Kf3 Kf5 1/2-1/2

[Event "13th 4NCL Congress"]
[Site "Wakefield"]
[Date "2017.04.08"]
[Round "2"]
[Board "5"]
[White "Balaji, Aaravamudhan"]
[Black "Angheluta, Ovidiu"]
[Result "1/2-1/2"]
[WhiteElo "1727"]
[BlackElo "1873"]
[PlyCount "151"]
[EventDate "2017.04.07"]
[EventRounds "5"]
[EventCountry "ENG"]

1. d4 Nf6 2. c4 e6 3. Nf3 b6 4. g3 Bb7 5. Bg2 Be7 6. O-O d6 7. Nc3 Nbd7 8. Re1
a6 9. d5 e5 10. e4 O-O 11. h3 Rc8 12. Be3 c5 13. Nd2 g6 14. f4 Nh5 15. Qf3 exf4
16. gxf4 f5 17. exf5 Rxf5 18. Ne2 Bh4 19. Rf1 Qf8 20. Bf2 Bf6 21. Rab1 Re8 22.
Ne4 Ne5 23. Qb3 Nxf4 24. Nxf4 Rxf4 25. Bg3 Rf5 26. Bxe5 Bxe5 27. Qxb6 Bd4+ 28.
Kh1 Rxe4 29. Qxb7 Ref4 30. Rxf4 Rxf4 31. Re1 Be5 32. Qd7 Rf2 33. Qe6+ Qf7 34.
Rf1 Qxe6 35. dxe6 Rxf1+ 36. Bxf1 Bxb2 37. Bg2 Kf8 38. Bd5 Ke7 39. Kg2 Bc3 40.
Kf3 Kf6 41. a3 Ba5 42. Kf4 Bd8 43. Kf3 Ke5 44. Ke3 Bf6 45. a4 a5 46. Kd3 Kf4
47. Bg2 Kg3 48. Bf1 Kf3 49. e7 Bxe7 50. Be2+ Kf4 51. Bg4 h5 52. Be6 g5 53. Bd7
g4 54. hxg4 hxg4 55. Bc6 Bh4 56. Ke2 Bf6 57. Kd3 Bd4 58. Ke2 Bg1 59. Kd3 Ke5
60. Bd5 Bf2 61. Bc6 Kf4 62. Ke2 Kg3 63. Bd5 Bd4 64. Bc6 Bc3 65. Kd3 Bb2 66. Ke2
Bc1 67. Bd5 Kf4 68. Kd3 Kg3 69. Ke2 Bb2 70. Bc6 Ba1 71. Bd5 Kf4 72. Kd3 Bf6 73.
Bc6 Bh4 74. Bd5 Ke5 75. Bc6 Be1 76. Bd5 1/2-1/2